Catalog

Record Details

Catalog Search



Loved ones with a physical disability  Cover Image Book Book

Loved ones with a physical disability / written by AnneMarie McClain and Lacey Hilliard.

McClain, AnneMarie, (author.). Hilliard, Lacey, (author.).

Summary:

"Loved Ones With a Physical Disability covers the basics of a physical disability, what people with a physical disability might experience, loving someone with a physical disability, and showing love for others and yourself. Loved Ones With explores what it's like to watch loved ones go through unique and often difficult circumstances. Written in kid-friendly language, this social-emotional learning series supports readers' empathetic understanding of these experiences not only for their loved ones, but also for themselves. Guided exploration of topics in 21st Century Junior Library's signature style help readers to Look, Think, Ask Questions, Make Guesses, and Create"-- Provided by publisher.

Record details

  • ISBN: 9781668927373
  • ISBN: 1668927373
  • ISBN: 9781668928424
  • ISBN: 1668928426
  • Physical Description: 24 pages : color illustrations ; 21 cm
  • Publisher: Ann Arbor, Michigan : Cherry Lake Publishing, [2023]

Content descriptions

Bibliography, etc. Note:
Includes bibliographical referenes and index.
Formatted Contents Note:
What is a physical disability? -- What people with a physical disability might experience -- Loving someone with a physical disability -- Showing love for others and yourself.
Subject: People with disabilities > Social conditions > Juvenile literature.
People with disabilities > Care > Juvenile literature.
People with disabilities > Family relationships > Juvenile literature.
Genre: Nonfiction
Health

Available copies

  • 1 of 1 copy available at scottsboropl.

Holds

  • 0 current holds with 1 total copy.
Show All Copies
Location Call Number / Copy Notes Barcode Shelving Location Status Due Date
scottsboropl E 362.8 McC 32269001245490 Juvenile - Easy Available -

LDR 02869cam a2200529 i 4500
001162519
003SBPL
00520240125153832.0
008230209s2023 miua j 000 0 eng
010 . ‡a 2023004578
020 . ‡a9781668927373 ‡q(hardcover)
020 . ‡a1668927373
020 . ‡a9781668928424 ‡q(paperback)
020 . ‡a1668928426
035 . ‡a(OCoLC)1366123956 ‡z(OCoLC)1366124306
05010. ‡aHV1568 ‡b.M328 2023
08200. ‡a362.4085 ‡223/eng/20230209
1001 . ‡aMcClain, AnneMarie, ‡eauthor.
24510. ‡aLoved ones with a physical disability / ‡cwritten by AnneMarie McClain and Lacey Hilliard.
264 1. ‡aAnn Arbor, Michigan : ‡bCherry Lake Publishing, ‡c[2023]
300 . ‡a24 pages : ‡bcolor illustrations ; ‡c21 cm
336 . ‡atext ‡btxt ‡2rdacontent
337 . ‡aunmediated ‡bn ‡2rdamedia
338 . ‡avolume ‡bnc ‡2rdacarrier
4901 . ‡aLoved ones with
504 . ‡aIncludes bibliographical referenes and index.
5050 . ‡aWhat is a physical disability? -- What people with a physical disability might experience -- Loving someone with a physical disability -- Showing love for others and yourself.
520 . ‡a"Loved Ones With a Physical Disability covers the basics of a physical disability, what people with a physical disability might experience, loving someone with a physical disability, and showing love for others and yourself. Loved Ones With explores what it's like to watch loved ones go through unique and often difficult circumstances. Written in kid-friendly language, this social-emotional learning series supports readers' empathetic understanding of these experiences not only for their loved ones, but also for themselves. Guided exploration of topics in 21st Century Junior Library's signature style help readers to Look, Think, Ask Questions, Make Guesses, and Create"-- ‡cProvided by publisher.
650 0. ‡aPeople with disabilities ‡xSocial conditions ‡vJuvenile literature.
650 0. ‡aPeople with disabilities ‡xCare ‡vJuvenile literature.
650 0. ‡aPeople with disabilities ‡xFamily relationships ‡vJuvenile literature.
6557 . ‡aNonfiction
6557 . ‡aHealth
7001 . ‡aHilliard, Lacey, ‡eauthor.
830 0. ‡aLoved ones with.
901 . ‡a162519 ‡bAUTOGEN ‡c162519 ‡tbiblio

Additional Resources